Groups of Countries that Start with the Same 3 Letters - Statistics

General Stats
  • This quiz has been taken 91,496 times
    86,879 since last reset
  • The average score is 29 of 53
Answer Stats
Answer % Correct
Australia
89%
United States
89%
Austria
88%
United Kingdom
86%
South Korea
79%
United Arab Emirates
79%
South Africa
76%
South Sudan
75%
China
72%
India
72%
North Korea
72%
Indonesia
71%
Norway
69%
Chile
66%
Belgium
65%
Belarus
62%
Iran
61%
Iraq
60%
Mali
60%
North Macedonia
60%
Turkey
57%
Malaysia
56%
Niger
56%
Nigeria
56%
Turkmenistan
55%
Guinea
52%
Maldives
52%
Dominican Republic
51%
Belize
50%
Dominica
50%
Guinea-Bissau
50%
Malawi
50%
Slovakia
48%
Slovenia
48%
Cambodia
47%
Cameroon
46%
Malta
46%
Saint Lucia
46%
Monaco
45%
Mongolia
45%
Montenegro
45%
Saint Kitts & Nevis
45%
Saint Vincent and the Grenadines
44%
Mauritania
42%
Mauritius
42%
Liberia
39%
Libya
39%
Bahrain
38%
Bahamas
37%
Greece
35%
Grenada
31%
Burundi
27%
Burkina Faso
25%
No matching quizzes found
Score Distribution
Percent of People with Each Score
Percentile by Number Answered
Your Score History
You have not taken this quiz since the last reset